Представление документа в формате RUSMARC

ПолеНазваниеЗначение
  Тип записи i
  Библиографический уровень m
001 Контрольный номер RU/IS/BASE/449682611
005 Дата корректировки 20250217114228.0
010 Индекс ISBN __
a ISBN 978-5-9677-1283-8
d Цена 149-66
101 Язык документа 0_
a Язык текста rus
127 Кодированные данные (звукозаписи-физические характеристики) __
a Продолжительность проигрывания 1 ч 41 мин
200 Заглавие и сведения об ответственности 1_
a Заглавие Крейцерова соната
e Сведения, относящиеся к заглавию [аудиоспектакль "Театра Музыкальной драмы" по одноим. повести Л. Н. Толстого]
f Первые сведения об ответственности [худож. рук., сцен., пост. Д. Семенов ; исполн. А. Громов и др.]
b Общее обозначение материала Звукозапись
210 Выходные данные 1_
a Место издания Москва
c Издательство 1С-Паблишинг
d Дата издания 2010
215 Физическое описание __
a Объем 1 электрон. опт. диск (Audio CD)
c Иллюстрации/тип воспроизводства mp3, stereo
225 Серия 2_
a Серия 1С: Аудиотеатр
230 Специфическая характеристика материала: электронные ресурсы __
a Обозначение и объем ресурса Электронные звуковые данные
300 Общие примечания __
a Общие примечания MPEG-I Layer-3 ; 320 Kbps ; 16 bit ; 48.0 kHz
323 Примечание о главных создателях, исполнителях, участниках __
a Примечание о главных создателях, исполнителях, участниках Алексей Громов, А. (Позднышев)
323 Примечание о главных создателях, исполнителях, участниках __
a Примечание о главных создателях, исполнителях, участниках Денис Семенов, С. (Он ; бас)
323 Примечание о главных создателях, исполнителях, участниках __
a Примечание о главных создателях, исполнителях, участниках Карине Гаспарян, К. (Она ; сопрано)
323 Примечание о главных создателях, исполнителях, участниках __
a Примечание о главных создателях, исполнителях, участниках Левченко, И. (фортепиано)
323 Примечание о главных создателях, исполнителях, участниках __
a Примечание о главных создателях, исполнителях, участниках Аверьянов, А. (фортепиано)
330 Аннотация __
a Аннотация "Крейцерова соната", еще до публикации разошедшаяся в списках, в свое время наделала шуму. Толстой вынес безжалостный приговор обществу, превратившему женщин в рабынь. По его мнению, женщины мстили за это, манипулируя инстинктами мужчин путем сознательного превращения себя в объекты вожделения. Беднягам, вынужденным жениться, всю последующую жизнь приходится оплачивать счета и потакать женским прихотям. Единственное спасение от ловушки брака Толстой видел в целомудрии.
333 Примечание о целевом назначении __
a Примечание о целевом назначении 16+. Для детей старше 16 лет
337 Примечание о системных требованиях (электронные ресурсы) __
a Примечание о системных требованиях (электронные ресурсы) Системные требования: MS Windows ; Pentium 100 ; RAM 16 Мб ; монитор SVGA, 800х600 ; устройство воспроизведения DVD/CD-ROM ; звуковая карта ; колонки или наушники ; мышь
606 Тематические рубрики __
a Основная рубрика Музыка и зрелищные искусства
606 Тематические рубрики __
a Основная рубрика Художественное радиовещание
610 Ключевые слова 0_
a Ключевые слова радиоспектакли; радиопостановки; повести; тема женщины; тема целомудрия; тема воздержания; тема общества; тема любви; тема ревности; тема убийств; русская литература; русская классическая литература; классическая литература
686 Индексы других классификаций __
2 Код системы rubbks
a Классификационный индекс 85.381.3(2)-7я04; ст85.38я0
702 Вторичная интеллектуальная ответственность _1
a Фамилия Толстой
b Имя Л. Н.
4 Код отношения Автор
4 Код отношения 070
702 Вторичная интеллектуальная ответственность _1
a Фамилия Семенов
b Имя Д.
4 Код отношения Сценарист
4 Код отношения 690
4 Код отношения 070
801 Источник записи _0
a Страна RU
b Организация Муниципальное бюджетное учреждение культуры "Централизованная библиотечная система" г. Сургут (Центральная городская библиотека им. А. С. Пушкина)
g Правила каталогизации КиК/Апакова
801 Источник записи _1
a Страна RU
b Организация Муниципальное бюджетное учреждение культуры "Централизованная библиотечная система" г. Сургут (Центральная городская библиотека им. А. С. Пушкина)
g Правила каталогизации КиК/Апакова
852 Данные о местонахождении __
j Шифр хранения 85.381.3(2)-7я04
i Авторский знак К 79
901 Тип документа __
t Тип документа 0
903 Характеристики (МАРС) __
a Дата передачи 20140401
969 Тип издания __
a Тип издания аудиоспектакль; издание для слепых
990 Данные о заказе (DOS) __
j Количество экземпляров (DOS) 6
t N записи в КСУ для И/У (DOS) 201404